[Event "Hong Kong op"]
[Site "Hong Kong"]
[Date "2023.12.26"]
[Round "4"]
[White "Nisban, Cyrus"]
[Black "Liu, Fung Ming Mathew"]
[Result "1-0"]
[WhiteElo "1787"]
[BlackElo "1463"]
[PlyCount "67"]
[EventDate "2023.12.24"]
[EventType "swiss"]
[EventRounds "9"]
[EventCountry "HKG"]
[SourceTitle "CB01_2024"]
[SourceDate "2024.01.03"]
[SourceVersion "1"]
[SourceVersionDate "2024.01.03"]
[SourceQuality "1"]

1. d4 d5 2. Nf3 Nf6 3. c4 c6 4. Nc3 dxc4 5. a4 Bf5 6. e3 e6 7. Bxc4 Bb4 8. 0-0 0-0 9. Qe2 Bg6 10. Ne5 Bh5 11. g4 Bg6 12. f3 Nbd7 13. h4 Nxe5 14. dxe5 Nd5 15. Bxd5 Bxc3 16. Bc4 Bxe5 17. h5 Bxh5 18. gxh5 Qg5+ 19. Qg2 Qxh5 20. f4 Bf6 21. Bd2 Rad8 22. Bb4 Rfe8 23. a5 Kh8 24. Rf3 Rg8 25. Rh3 Qf5 26. Rf1 Bxb2 27. e4 Qf6 28. Be7 Qd4+ 29. Kh1 h6 30. Bxd8 Rxd8 31. Bd3 Qc3 32. Bb1 Qc4 33. Rg1 g6 34. Qxb2+ 1-0

[Event "Phuket Blue Chevaliers op"]
[Site "Phuket"]
[Date "2023.07.24"]
[Round "2"]
[White "Ko, Ko Ohn"]
[Black "Nisban, Cyrus"]
[Result "1-0"]
[WhiteElo "2169"]
[BlackElo "1839"]
[PlyCount "87"]
[EventDate "2023.07.23"]
[EventType "swiss"]
[EventRounds "9"]
[EventCountry "THA"]
[SourceTitle "CBM 215 Extra"]
[Source "ChessBase"]
[SourceDate "2023.09.30"]
[SourceVersion "1"]
[SourceVersionDate "2023.09.30"]
[SourceQuality "1"]

1. e4 c5 2. f4 Nc6 3. Bb5 Nd4 4. Bf1 d5 5. c3 Nc6 6. e5 Qb6 7. Qf3 e6 8. Na3 h5 9. Bb5 Nge7 10. Nh3 Nf5 11. Bd3 Nce7 12. Bc2 Bd7 13. 0-0 g6 14. Kh1 Bg7 15. Rb1 Qc7 16. Qf2 d4 17. Be4 Bc6 18. d3 f6 19. Nc4 fxe5 20. Ng5 Bd7 21. Nxe5 Bxe5 22. fxe5 Qxe5 23. Bf4 Qg7 24. Bxb7 0-0 25. Qe2 Rae8 26. Nxe6 Nc6 27. Nxg7 Rxe2 28. Nxf5 Rxf5 29. Kg1 dxc3 30. bxc3 Rxa2 31. Bh6 Rxf1+ 32. Kxf1 Bf5 33. Rd1 Kh7 34. Bf4 Na5 35. Bd5 Rb2 36. h3 Nb3 37. Bc4 a5 38. Kg1 a4 39. Re1 g5 40. Bxg5 a3 41. Re7+ Kg6 42. h4 Bg4 43. Bg8 a2 44. Bh7# 1-0

[Event "Tanglin op"]
[Site "Singapore"]
[Date "2022.05.29"]
[Round "3"]
[White "Nisban, Cyrus"]
[Black "Heng, Jr Herng Kyan"]
[Result "1-0"]
[WhiteElo "1893"]
[BlackElo "1086"]
[PlyCount "85"]
[EventDate "2022.05.28"]
[EventType "swiss"]
[EventRounds "9"]
[EventCountry "SIN"]
[SourceTitle "CBM 208 Extra"]
[Source "ChessBase"]
[SourceDate "2022.07.31"]
[SourceVersion "1"]
[SourceVersionDate "2022.07.31"]
[SourceQuality "1"]

1. d4 f5 2. Nf3 Nf6 3. c4 d6 4. g3 g6 5. Bg2 Bg7 6. Nc3 0-0 7. 0-0 c6 8. d5 e5 9. e4 fxe4 10. Ng5 cxd5 11. Nxd5 Nc6 12. Nxf6+ Bxf6 13. Nxe4 Nd4 14. Be3 Nf5 15. Qd2 Be6 16. Nxf6+ Qxf6 17. Bxb7 Rab8 18. Bd5 a6 19. b3 Qf7 20. Rad1 Bxd5 21. Qxd5 Qxd5 22. Rxd5 Nxe3 23. fxe3 Rxf1+ 24. Kxf1 Rb6 25. Ke2 Kf7 26. Kd3 Ke6 27. Kc3 Rb7 28. b4 Rf7 29. Rd2 Rf3 30. Kd3 Rf7 31. b5 axb5 32. cxb5 Rb7 33. Kc4 Rc7+ 34. Kb4 d5 35. b6 Rb7 36. Kc5 e4 37. Kc6 Rb8 38. b7 Rg8 39. Rb2 d4 40. exd4 e3 41. b8Q Rxb8 42. Rxb8 Kf5 43. Re8 1-0

[Event "SIN-ch 73rd"]
[Site "Singapore"]
[Date "2022.01.21"]
[Round "1"]
[White "Nisban, Cyrus"]
[Black "Goh, Wei Ming Kevin"]
[Result "0-1"]
[WhiteElo "1970"]
[BlackElo "2471"]
[PlyCount "46"]
[EventDate "2022.01.21"]
[EventType "swiss"]
[EventRounds "9"]
[EventCountry "SIN"]
[SourceTitle "EXT 2023"]
[Source "ChessBase"]
[SourceDate "2022.10.05"]
[SourceVersion "1"]
[SourceVersionDate "2022.10.05"]
[SourceQuality "1"]

1. d4 Nf6 2. Nf3 g6 3. c4 Bg7 4. Nc3 d5 5. Qb3 dxc4 6. Qxc4 0-0 7. e4 Nc6 8. Be2 Nd7 9. Be3 Nb6 10. Qc5 Bg4 11. Rd1 Qd6 12. 0-0 Bxf3 13. Bxf3 Qxc5 14. dxc5 Nc4 15. Bc1 Nd4 16. Be2 Nxe2+ 17. Nxe2 Rfd8 18. Rxd8+ Rxd8 19. b3 Nd2 20. Re1 Nxe4 21. Be3 c6 22. f3 Rd3 23. Nf4 Rxe3 0-1

[Event "Wch FIDE Online U16 Asia qual"]
[Site "Tornelo INT"]
[Date "2020.12.12"]
[Round "5"]
[White "Lee, Gerent Chak Yan"]
[Black "Nisban, Cyrus"]
[Result "0-1"]
[WhiteElo "1432"]
[BlackElo "1909"]
[PlyCount "128"]
[EventDate "2020.12.11"]
[EventType "swiss (rapid)"]
[EventRounds "7"]
[EventCountry "ISS"]
[SourceTitle "EXT 2022"]
[Source "ChessBase"]
[SourceDate "2021.10.06"]
[SourceVersion "1"]
[SourceVersionDate "2021.10.06"]
[SourceQuality "1"]

1. d4 Nf6 2. c4 g6 3. Nc3 Bg7 4. e4 d6 5. Nf3 0-0 6. Be2 Nbd7 7. 0-0 e5 8. Be3 exd4 9. Nxd4 Re8 10. f3 c6 11. Qd2 a5 12. Rad1 Qc7 13. Nb3 Bf8 14. Bh6 Bxh6 15. Qxh6 Qb6+ 16. Kh1 a4 17. Nd4 Qxb2 18. Qe3 Qb6 19. f4 Nc5 20. e5 Qc7 21. Qg3 dxe5 22. fxe5 Nfd7 23. Nf5 Nxe5 24. Nh6+ Kg7 25. Rxf7+ Qxf7 26. Nxf7 Kxf7 27. Rf1+ Bf5 28. Qh4 Kg7 29. g4 Be4+ 30. Nxe4 Nxe4 31. g5 Nd6 32. Qh6+ Kg8 33. Qh3 Nf5 34. Bg4 Nxg4 35. Qxg4 Ne3 36. Qh3 Nxf1 37. Qxf1 Re5 38. Qb1 b5 39. Qd3 Rxg5 40. cxb5 cxb5 41. h4 Re5 42. Kg2 Rae8 43. Qd7 R8e7 44. Qd6 Re2+ 45. Kg3 R2e3+ 46. Kg4 R3e4+ 47. Kg3 R4e5 48. Qd8+ Kg7 49. Qd4 Kf7 50. Qd6 Re3+ 51. Kg4 R7e4+ 52. Kg5 Re5+ 53. Kg4 Rf5 54. Qd7+ Re7 55. Qc6 Kg7 56. Qc3+ Kf7 57. Qh8 Ke6 58. Qc8+ Kf6 59. Qf8+ Rf7 60. Qh8+ Ke7 61. Qc8 h5+ 62. Kg3 Rf3+ 63. Kg2 Rf2+ 64. Kg3 R7f3# 0-1

[Event "Wch FIDE Online U16 Asia qual"]
[Site "Tornelo INT"]
[Date "2020.12.12"]
[Round "3"]
[White "Srihari, LR."]
[Black "Nisban, Cyrus"]
[Result "1-0"]
[WhiteElo "2414"]
[BlackElo "1909"]
[PlyCount "96"]
[EventDate "2020.12.11"]
[EventType "swiss (rapid)"]
[EventRounds "7"]
[EventCountry "ISS"]
[SourceTitle "EXT 2022"]
[Source "ChessBase"]
[SourceDate "2021.10.06"]
[SourceVersion "1"]
[SourceVersionDate "2021.10.06"]
[SourceQuality "1"]

1. d4 Nf6 2. Bg5 Ne4 3. Bf4 c5 4. f3 Nf6 5. d5 d6 6. e4 g6 7. Nc3 Bg7 8. a4 0-0 9. Bc4 Nbd7 10. Nge2 Ne5 11. Ba2 a6 12. 0-0 Rb8 13. Bxe5 dxe5 14. Bc4 Ne8 15. a5 Nd6 16. b3 b5 17. axb6 Qxb6 18. Qd3 Nb5 19. Kh1 Bd7 20. Ra2 Qd6 21. Rfa1 Rb6 22. Na4 Rbb8 23. Qe3 Rfc8 24. Nb2 h5 25. Rxa6 Rb6 26. Bxb5 Bxb5 27. Rxb6 Qxb6 28. Nc3 Ba6 29. h3 Kh7 30. Nc4 Bxc4 31. bxc4 Qb2 32. Ra2 Qb4 33. Qd3 Bh6 34. g3 Qb6 35. Kg2 h4 36. d6 exd6 37. Nb5 Qd8 38. Ra7 Qg5 39. f4 exf4 40. Rxf7+ Kg8 41. Rxf4 hxg3 42. Rf3 Qe5 43. Qd5+ Kh8 44. Nxd6 Qxd5 45. cxd5 Rb8 46. Nf7+ Kg7 47. Nxh6 Kxh6 48. Kxg3 Kg7 1-0

[Event "Pattaya op"]
[Site "Pattaya"]
[Date "2019.10.28"]
[Round "7"]
[White "Nisban, Cyrus"]
[Black "Habla, Jony"]
[Result "1/2-1/2"]
[WhiteElo "1649"]
[BlackElo "2176"]
[PlyCount "163"]
[EventDate "2019.10.23"]
[EventType "swiss"]
[EventRounds "9"]
[EventCountry "THA"]
[SourceTitle "CBM 195 Extra"]
[Source "ChessBase"]
[SourceDate "2020.05.31"]
[SourceVersion "1"]
[SourceVersionDate "2020.05.31"]
[SourceQuality "1"]

1. d4 Nf6 2. Nf3 d5 3. c4 e6 4. Nc3 Be7 5. Bg5 h6 6. Bh4 0-0 7. e3 Ne4 8. Bxe7 Qxe7 9. Rc1 Nf6 10. cxd5 exd5 11. Qc2 Nc6 12. a3 Bg4 13. Be2 a6 14. 0-0 Rfe8 15. b4 Na7 16. Qb3 c6 17. Ne5 Bf5 18. Bd3 Bxd3 19. Nxd3 Qd6 20. h3 Nb5 21. Nc5 Re7 22. Ne2 Qd8 23. a4 Nd6 24. Qd3 Qb6 25. Rb1 Rae8 26. Nc3 Qd8 27. b5 axb5 28. axb5 Nc4 29. bxc6 bxc6 30. Ra1 Nd7 31. Nxd7 Rxd7 32. Rfb1 Qg5 33. e4 Nd2 34. Re1 dxe4 35. Nxe4 Nxe4 36. Rxe4 Red8 37. Qc3 Qf6 38. Ra6 Rxd4 39. Rxd4 Rxd4 40. Qc2 g6 41. Rxc6 Qe5 42. Rc8+ Kh7 43. Qb1 Rd2 44. Rc1 Qd4 45. Rf1 h5 46. Qb3 Kg7 47. Qe3 Qxe3 48. fxe3 Re2 49. Rf3 f5 50. Kf1 Ra2 51. h4 Ra4 52. Rf4 Ra3 53. Kf2 Ra2+ 54. Kf3 Ra1 55. Rb4 Rf1+ 56. Kg3 Re1 57. Kf2 Rh1 58. Kg3 Rf1 59. Rb7+ Kf6 60. Rb6+ Kf7 61. Rb7+ Ke6 62. Rb6+ Kf7 63. Rb7+ Kf6 64. Rb6+ Kg7 65. Rb7+ Kh6 66. Rb6 Ra1 67. Rc6 Ra4 68. Rc3 Kg7 69. Kh3 Ra6 70. Kg3 Kf6 71. Kf3 Ra4 72. Rc6+ Kg7 73. g3 Ra1 74. Rc7+ Kh6 75. Rc6 Rf1+ 76. Ke2 Rg1 77. Kf2 Ra1 78. Kf3 Ra4 79. Rb6 Re4 80. Ra6 Kg7 81. Ra7+ Kf6 82. Ra6+ 1/2-1/2

[Event "Pattaya op"]
[Site "Pattaya"]
[Date "2019.10.27"]
[Round "6"]
[White "Wiwatanadate, Poompong"]
[Black "Nisban, Cyrus"]
[Result "1-0"]
[WhiteElo "2000"]
[BlackElo "1649"]
[PlyCount "87"]
[EventDate "2019.10.23"]
[EventType "swiss"]
[EventRounds "9"]
[EventCountry "THA"]
[SourceTitle "CBM 195 Extra"]
[Source "ChessBase"]
[SourceDate "2020.05.31"]
[SourceVersion "1"]
[SourceVersionDate "2020.05.31"]
[SourceQuality "1"]

1. e4 c5 2. Nf3 d6 3. Bb5+ Nd7 4. 0-0 a6 5. Bd3 Ngf6 6. Re1 g6 7. c3 Bg7 8. Bc2 0-0 9. d4 e5 10. Nbd2 b5 11. a4 Bb7 12. Qe2 Qb6 13. d5 Nh5 14. g3 f5 15. exf5 gxf5 16. Ng5 Nhf6 17. Bxf5 Bxd5 18. Be6+ Bxe6 19. Nxe6 Rfe8 20. Nxg7 Kxg7 21. Nf3 Rad8 22. axb5 axb5 23. Qd2 e4 24. Qh6+ Kg8 25. Nh4 Re5 26. Qf4 d5 27. Nf5 Qe6 28. Qg5+ Kf8 29. Qg7+ Ke8 30. Nh6 Qe7 31. Qxe7+ Kxe7 32. Bf4 Rh5 33. h4 Ne5 34. Ra7+ Rd7 35. Rea1 Nf3+ 36. Kg2 d4 37. Rxd7+ Nxd7 38. cxd4 cxd4 39. g4 Rd5 40. Nf5+ Kf7 41. Nd6+ Kg7 42. Ra7 d3 43. Rxd7+ Kf6 44. Nxe4+ 1-0

[Event "Pattaya op"]
[Site "Pattaya"]
[Date "2019.10.24"]
[Round "3"]
[White "Nisban, Cyrus"]
[Black "Pugachov, Ilia"]
[Result "1/2-1/2"]
[WhiteElo "1649"]
[BlackElo "2138"]
[PlyCount "54"]
[EventDate "2019.10.23"]
[EventType "swiss"]
[EventRounds "9"]
[EventCountry "THA"]
[SourceTitle "CBM 195 Extra"]
[Source "ChessBase"]
[SourceDate "2020.05.31"]
[SourceVersion "1"]
[SourceVersionDate "2020.05.31"]
[SourceQuality "1"]

1. d4 Nf6 2. Nf3 c5 3. d5 b5 4. a4 b4 5. c4 g6 6. b3 Bg7 7. Bb2 0-0 8. Nbd2 e6 9. dxe6 fxe6 10. Qc2 Bb7 11. e3 Nc6 12. h3 Qe7 13. Rc1 Rac8 14. Be2 Na5 15. 0-0 Nh5 16. Rfd1 d5 17. Bxg7 Qxg7 18. Ng5 Qf6 19. f4 Ng3 20. Bg4 Nf5 21. Bxf5 gxf5 22. Ngf3 dxc4 23. Nxc4 Be4 24. Qa2 Nxc4 25. Rxc4 Bd5 26. Rc2 Bxf3 27. gxf3 Rfd8 1/2-1/2

[Event "Bangkok Cha Am op 19th"]
[Site "Bangkok"]
[Date "2019.04.07"]
[Round "2"]
[White "Saurabh, Kherdekar"]
[Black "Nisban, Cyrus"]
[Result "1-0"]
[WhiteElo "2247"]
[BlackElo "1878"]
[PlyCount "81"]
[EventDate "2019.04.06"]
[EventType "swiss"]
[EventRounds "9"]
[EventCountry "THA"]
[SourceTitle "CBM 189 Extra"]
[Source "ChessBase"]
[SourceDate "2019.06.03"]
[SourceVersion "1"]
[SourceVersionDate "2019.06.03"]
[SourceQuality "1"]

1. d4 Nf6 2. Bg5 Ne4 3. Bf4 c5 4. d5 Qb6 5. Nd2 Nxd2 6. Bxd2 d6 7. e4 e5 8. dxe6 Bxe6 9. Nf3 Be7 10. Bc3 0-0 11. Bd3 Nc6 12. 0-0 Rad8 13. Qe2 Rfe8 14. Rad1 d5 15. exd5 Bxd5 16. Bxh7+ Kxh7 17. Rxd5 Rxd5 18. Qe4+ Kg8 19. Qxd5 Rd8 20. Qe4 Rd6 21. Qg4 Nd4 22. Bxd4 cxd4 23. Re1 Qd8 24. Qe4 Rd7 25. g3 Bf6 26. Qe8+ Kh7 27. Qxd8 Rxd8 28. Rd1 Rd6 29. Ne1 Kg6 30. Nd3 Kf5 31. Re1 Re6 32. Rxe6 fxe6 33. f3 b6 34. Kf2 e5 35. Ke2 e4 36. fxe4+ Kxe4 37. Nf2+ Kf5 38. Kf3 g6 39. g4+ Ke5 40. Nd3+ Kd6 41. Kf4 1-0

[Event "East Asia-ch U14 3rd"]
[Site "Shanghai"]
[Date "2018.08.08"]
[Round "8.1"]
[White "Nisban, Cyrus"]
[Black "Gao, Linhao"]
[Result "0-1"]
[WhiteElo "1918"]
[BlackElo "1811"]
[PlyCount "68"]
[EventDate "2018.08.02"]
[EventType "swiss"]
[EventRounds "9"]
[EventCountry "CHN"]
[SourceTitle "EXT 2022"]
[Source "ChessBase"]
[SourceDate "2021.10.06"]
[SourceVersion "1"]
[SourceVersionDate "2021.10.06"]
[SourceQuality "1"]

1. d4 Nf6 2. Nf3 e6 3. c4 b6 4. a3 Bb7 5. Nc3 Be7 6. d5 d6 7. e4 e5 8. Be2 Nbd7 9. 0-0 0-0 10. h3 Ne8 11. Qc2 g6 12. Bh6 Ng7 13. Qd2 Bc8 14. b4 f5 15. Ng5 Bxg5 16. Bxg5 Nf6 17. f3 f4 18. Nd1 Nxe4 19. Bxd8 Nxd2 20. Bxc7 Ne8 21. Bxd6 Nxd6 22. Re1 N2xc4 23. Rc1 b5 24. a4 a6 25. Nc3 Bd7 26. Ne4 Nxe4 27. Bxc4 bxc4 28. Rxe4 Rac8 29. Rxe5 Bxa4 30. d6 Rfd8 31. Rc5 Bb5 32. Rd1 Rc6 33. d7 Rxc5 34. bxc5 Rxd7 0-1

[Event "Penang op-A 9th"]
[Site "Penang"]
[Date "2017.12.09"]
[Round "9"]
[White "Chong, Kai Ni Agnes"]
[Black "Nisban, Cyrus"]
[Result "1/2-1/2"]
[WhiteElo "1393"]
[BlackElo "1900"]
[PlyCount "44"]
[EventDate "2017.12.04"]
[EventType "swiss"]
[EventRounds "9"]
[EventCountry "MAS"]
[SourceTitle "CBM 182 Extra"]
[Source "ChessBase"]
[SourceDate "2018.02.23"]
[SourceVersion "1"]
[SourceVersionDate "2018.02.23"]
[SourceQuality "1"]

1. e4 c5 2. Nf3 d6 3. Bb5+ Bd7 4. Bxd7+ Qxd7 5. 0-0 Nf6 6. Re1 Nc6 7. c3 e6 8. d4 cxd4 9. cxd4 d5 10. e5 Ne4 11. Nbd2 Nxd2 12. Bxd2 Be7 13. Rc1 0-0 14. Qe2 Rfc8 15. a3 a5 16. Rc2 Rab8 17. Rec1 b5 18. h3 a4 19. Qe1 h6 20. Kh2 Na7 21. Rxc8+ Rxc8 22. Rxc8+ Qxc8 1/2-1/2

[Event "Penang op-A 9th"]
[Site "Penang"]
[Date "2017.12.07"]
[Round "6"]
[White "Nisban, Cyrus"]
[Black "Kumaresan, Nhavin"]
[Result "1-0"]
[WhiteElo "1900"]
[BlackElo "1759"]
[PlyCount "51"]
[EventDate "2017.12.04"]
[EventType "swiss"]
[EventRounds "9"]
[EventCountry "MAS"]
[SourceTitle "CBM 182 Extra"]
[Source "ChessBase"]
[SourceDate "2018.02.23"]
[SourceVersion "1"]
[SourceVersionDate "2018.02.23"]
[SourceQuality "1"]

1. d4 d5 2. Nf3 Nc6 3. c4 Bg4 4. Nc3 e6 5. e3 Nf6 6. cxd5 exd5 7. Be2 Bd6 8. 0-0 0-0 9. a3 a6 10. Qc2 Re8 11. Bd2 Qd7 12. Rfc1 Ne7 13. Ne5 Bxe5 14. dxe5 Ne4 15. Bxg4 Qxg4 16. f3 Qh5 17. fxe4 Ng6 18. Nxd5 Rac8 19. Bc3 Qg5 20. Qf2 c6 21. Qf5 Qd8 22. Nf4 Ne7 23. Qg4 Qb6 24. Bd4 c5 25. Nd5 Qd8 26. Nf6+ 1-0

[Event "Penang op-A 9th"]
[Site "Penang"]
[Date "2017.12.06"]
[Round "4"]
[White "Nisban, Cyrus"]
[Black "Sim, Jia Ru"]
[Result "0-1"]
[WhiteElo "1900"]
[BlackElo "1579"]
[PlyCount "136"]
[EventDate "2017.12.04"]
[EventType "swiss"]
[EventRounds "9"]
[EventCountry "MAS"]
[SourceTitle "CBM 182 Extra"]
[Source "ChessBase"]
[SourceDate "2018.02.23"]
[SourceVersion "1"]
[SourceVersionDate "2018.02.23"]
[SourceQuality "1"]

1. d4 d5 2. Nf3 c5 3. c4 dxc4 4. e3 cxd4 5. exd4 Be6 6. Nc3 Nf6 7. Ne5 Nc6 8. Nxc6 bxc6 9. Qa4 Qd7 10. Be3 g6 11. Bxc4 Bxc4 12. Qxc4 Bg7 13. 0-0 0-0 14. Rac1 Rac8 15. Rfd1 Rfd8 16. Qa6 Ng4 17. Rc2 Qf5 18. Re2 Rc7 19. h3 Nxe3 20. fxe3 Qc8 21. Qc4 Rcd7 22. Rf1 e6 23. Ne4 Rc7 24. Ref2 Rd5 25. Nc3 Rf5 26. Ne4 Rxf2 27. Rxf2 Qd8 28. Nc5 Qd5 29. Qb4 Qd8 30. Na6 Bf8 31. Qb3 Rd7 32. Qb8 Bd6 33. Qxd8+ Rxd8 34. Rc2 Rc8 35. b4 Kf8 36. b5 Ke8 37. Rxc6 Kd7 38. Nc5+ Bxc5 39. Rxc8 Bxd4 40. Rc2 Bxe3+ 41. Kf1 f5 42. Ke2 Bb6 43. Kd3 Kd6 44. Kc4 e5 45. Rd2+ Ke6 46. a4 Ba5 47. Re2 e4 48. Kc5 Ke5 49. Kc6 f4 50. Kb7 Bb6 51. a5 Bxa5 52. Kxa7 e3 53. Ka6 Bd8 54. Rc2 Ke4 55. Rc8 Bf6 56. b6 e2 57. Rc1 Ke3 58. b7 Be5 59. Rc5 Bd6 60. Rc6 Bb8 61. Re6+ Kf2 62. Re8 e1Q 63. Rxb8 Kxg2 64. Rc8 f3 65. Rc5 f2 66. b8Q f1Q+ 67. Rb5 Qxb5+ 68. Qxb5 Qf1 0-1

[Event "Penang op 8th"]
[Site "Penang"]
[Date "2016.12.07"]
[Round "4"]
[White "Nisban, Cyrus"]
[Black "Chan, Yi Meng Ryan"]
[Result "1-0"]
[WhiteElo "1674"]
[BlackElo "1972"]
[PlyCount "119"]
[EventDate "2016.12.05"]
[EventType "swiss"]
[EventRounds "9"]
[EventCountry "MAS"]
[SourceTitle "CBM 176 Extra"]
[Source "ChessBase"]
[SourceDate "2017.03.02"]
[SourceVersion "1"]
[SourceVersionDate "2017.03.02"]
[SourceQuality "1"]

1. d4 d5 2. Nf3 Nf6 3. c4 c6 4. Nc3 e6 5. Bg5 dxc4 6. e4 b5 7. e5 h6 8. Bh4 g5 9. Nxg5 hxg5 10. Bxg5 Nbd7 11. exf6 Bb7 12. g3 c5 13. d5 Qb6 14. Bg2 0-0-0 15. 0-0 b4 16. Rb1 Qa6 17. dxe6 Bxg2 18. e7 Bxf1 19. Qd5 Bxe7 20. fxe7 Rdg8 21. Ne4 Rg6 22. Rxf1 Qc6 23. Qf5 Qe6 24. Qxe6 Rxe6 25. Nd2 f6 26. Be3 Rxe7 27. Nxc4 Reh7 28. h4 Rg8 29. Kh2 Kb7 30. Rd1 Nb6 31. Nd6+ Kc7 32. Bxc5 a5 33. Ne4 Rf7 34. Bd6+ Kc6 35. Bf4 f5 36. Rc1+ Kd5 37. Nd6 Rf6 38. Nb7 Rc8 39. Rd1+ Kc6 40. Nxa5+ Kb5 41. Nb3 Ra8 42. Nd4+ Kc4 43. b3+ Kc3 44. Rd2 Rxa2 45. Ne2+ Kxb3 46. Nc1+ Kc4 47. Rxa2 b3 48. Rb2 Nd5 49. Rxb3 Nxf4 50. gxf4 Rg6 51. Rg3 Rh6 52. Kh3 Kd4 53. Re3 Rf6 54. Ne2+ Kc4 55. h5 Rf8 56. Kh4 Rg8 57. Rg3 Rf8 58. h6 Kd5 59. Kh5 Ke6 60. h7 1-0

[Event "Penang op 8th"]
[Site "Penang"]
[Date "2016.12.06"]
[Round "2"]
[White "Nisban, Cyrus"]
[Black "Hermawan, Lumban Tob Daniel"]
[Result "0-1"]
[WhiteElo "1674"]
[BlackElo "1993"]
[PlyCount "72"]
[EventDate "2016.12.05"]
[EventType "swiss"]
[EventRounds "9"]
[EventCountry "MAS"]
[SourceTitle "CBM 176 Extra"]
[Source "ChessBase"]
[SourceDate "2017.03.02"]
[SourceVersion "1"]
[SourceVersionDate "2017.03.02"]
[SourceQuality "1"]

1. d4 Nf6 2. Nf3 g6 3. c4 Bg7 4. Nc3 0-0 5. e4 d6 6. Be2 e5 7. dxe5 dxe5 8. Qxd8 Rxd8 9. Bg5 Be6 10. Nxe5 Re8 11. Nf3 c6 12. 0-0-0 Na6 13. Nd4 Nc5 14. f3 a5 15. Be3 Nfd7 16. Rhe1 f5 17. exf5 Bxf5 18. Nxf5 gxf5 19. Bd4 Be5 20. g3 Bxd4 21. Rxd4 Ne5 22. Red1 Kg7 23. g4 Ne6 24. Rd6 fxg4 25. fxg4 Nf4 26. R6d4 Rf8 27. Re4 Rae8 28. b3 Nfg6 29. Rf1 Rxf1+ 30. Bxf1 Rf8 31. Be2 Rf2 32. h4 Kf6 33. g5+ Kf5 34. Kd2 Nf4 35. Ke3 Nxe2 36. Nxe2 Rxe2+ 0-1

[Event "Asia-chT Cup U14"]
[Site "Jiaxing"]
[Date "2016.11.09"]
[Round "5.4"]
[White "Cheung, Pak Shing"]
[Black "Nisban, Cyrus"]
[Result "0-1"]
[WhiteElo "1288"]
[BlackElo "1626"]
[PlyCount "126"]
[EventDate "2016.11.06"]
[EventType "swiss"]
[EventRounds "9"]
[EventCountry "CHN"]
[SourceTitle "EXT 2021"]
[Source "ChessBase"]
[SourceDate "2020.10.23"]
[SourceVersion "1"]
[SourceVersionDate "2020.10.23"]
[SourceQuality "1"]

1. d4 Nf6 2. c4 g6 3. Nf3 Bg7 4. e3 0-0 5. Be2 d6 6. 0-0 Nbd7 7. Nc3 e5 8. Qc2 c6 9. Rd1 Qc7 10. b3 Re8 11. dxe5 dxe5 12. e4 a5 13. h3 Nc5 14. Be3 Nfd7 15. Rd2 Ne6 16. Rad1 Ndc5 17. a3 Bf8 18. Ng5 Nxg5 19. Bxg5 Ne6 20. Be3 Bxa3 21. Na4 Be7 22. Qb1 Nf8 23. f3 Be6 24. Kh1 Nd7 25. Kh2 Rac8 26. Rc1 Ba3 27. Rcd1 b5 28. cxb5 cxb5 29. Bxb5 Red8 30. Bxd7 Rxd7 31. Rxd7 Bxd7 32. Bb6 Qb7 33. Bxa5 Be6 34. Rd3 Ra8 35. Rd8+ Rxd8 36. Bxd8 Bxb3 37. Bf6 Qb4 38. Nb2 Qd6 39. Bg5 f6 40. Be3 Qb4 41. Nd3 Qc3 42. Nc1 Be6 43. Nd3 g5 44. Qb8+ Kg7 45. Qb5 Kg6 46. Qe8+ Bf7 47. Qb5 Bc4 48. Qe8+ Kg7 49. Qd7+ Kg6 50. Qf5+ Kg7 51. Qd7+ Bf7 52. Bg1 h5 53. Nf2 Bc1 54. Nd1 Qe1 55. Qd3 Bf4+ 56. Kh1 Bd2 57. Qc2 g4 58. Nf2 Be3 59. hxg4 hxg4 60. fxg4 Bb3 61. Qb2 Bd4 62. Qa3 Bxf2 63. Qe7+ Bf7 0-1